000 00300nam a2200109Ia 4500
008 231219s9999 xx 000 0 und d
041 _aeng
100 _aNicholas V Luppa
245 _aManagement Bay Quit and Other Uncensored Tactics
260 _bPitman Books Ltd California
650 _aManagement
999 _c975409
_d975409